Актрисы по их главным ролям в фильмах - Statistics

General Stats
  • This quiz has been taken 78 times
  • The average score is 6 of 15
Answer Stats
актриса фильмы, где она сыграла главную роль/одну из главных ролей % Correct
Анджелина Джоли "Мистер и миссис Смит", "Александр", "Лара Крофт: Расхитительница гробниц"
92%
Эмма Стоун "Зомбилэнд", "Фаворитка", "Бедные-несчастные"
47%
Скарлетт Йоханссон "Трудности перевода", "Мстители", "Она"
47%
Сигурни Уивер "Чужой", "Аватар", "Охотники за привидениями"
45%
Мерил Стрип "Охотник на оленей", "Дьявол носит Prada", "Адаптация"
45%
Алиса Фрейндлих "Сталкер", "Служебный роман", "Д'Артаньян и три мушкетёра"
41%
Любовь Орлова "Весна", "Волга-Волга", "Цирк"
41%
Николь Кидман "Догвилль", "С широко закрытыми глазами", "Мулен-Руж"
41%
Ева Грин "Чрево", "Мечтатели", "Дом странных детей мисс Перигрин"
41%
Лия Ахеджакова "Изображая жертву", "Ирония судьбы, или С лёгким паром", "Гараж"
39%
Джоди Фостер "Молчание ягнят", "Таксист", "Резня"
38%
Наталья Крачковская "Иван Васильевич меняет профессию", "Покровские ворота", "12 стульев"
35%
Рина Зелёная "Приключения Буратино", "Приключения Шерлока Холмса и доктора Ватсона", "Сказка о потерянном времени"
33%
Маргарита Терехова "Зеркало", "Расписание на послезавтра", "Собака на сене"
32%
Чулпан Хаматова "Бумажный солдат", "Страна глухих", "Петровы в гриппе"
23%
No matching quizzes found
Score Distribution
Percent of People with Each Score
Percentile by Number Answered
Your Score History
You have not taken this quiz